000 00900nas a2200325 4500
001 BR9701742
003 BR-BrBNA
005 20231205100122.0
007 ta
008 230509b bl.|||p| |||| 00| 00por d
040 _aBR-BrBNA
_bpor
_cBiblioteca Nacional de Agricultura
041 _a(Pt)
072 _aF30
100 1 _aHemp, S.
100 1 _aFlesch, R.D.
100 1 _aMartins, A.M.
100 1 _aAlexandre, A.D.
100 1 _aMondardo, E.
100 1 _aGallotti, G.J.M.
100 1 _aHennigen, J.
100 1 _aBonin, V.
245 1 _aFT nobre - nova opcao de feijao preto
650 _aFeijao Preto
650 _aVariedade
650 _aProdutividade
650 _aCaracteristicas Agronomicas
773 0 _tAgropecuaria Catarinense (Brazil)
_xISSN 0103-0779
_g(Dec 1996), v. 9(4) p. 42-44
_wBR9701742
909 _a202311
_bLúcia
_c55
_dLúcia Elande
942 _2AGRIS
_n0
_cANA
999 _c154400
_d154400